LEADER 01145cam0-22003371i-450- 001 990007452090403321 005 20050222094121.0 010 $a88-8125-578-2 035 $a000745209 035 $aFED01000745209 035 $a(Aleph)000745209FED01 035 $a000745209 100 $a20030715d2002----km-y0itay50------ba 101 0 $aita 102 $aIT 105 $ay---n---001yy 200 1 $a<>ponte insostenibile$el'impatto ambientale del manufatto di attraversamento stabile dello Stretto di Messina$fa cura di V. Bettini, M. Guerzoni, A. Ziparo 210 $aFirenze$cAlinea$d[2002] 215 $a271 p., [4] c. di tav.$cill.$d24 cm 225 1 $aLuoghi$v5 300 $aSul front.: Rapporto finale della ricerca coordinata dai proff. Virginio Bettini dell'IUAV e Alberto Ziparo della Facoltà di architettura di Firenze 702 1$aBettini,$bVirginio$f<1942- > 702 1$aGuerzoni,$bMarco 702 1$aZiparo,$bAlberto 801 0$aIT$bUNINA$gRICA$2UNIMARC 901 $aBK 912 $a990007452090403321 952 $aL 372$bs.i.$fDSS 959 $aDSS 996 $aPonte insostenibile$9511856 997 $aUNINA LEADER 01336nam0-2200397---450- 001 990001048680203316 005 20090525103157.0 010 $a88-348-7017-4 035 $a0104868 035 $aUSA010104868 035 $a(ALEPH)000104868USA01 035 $a0104868 100 $a20020321d1997----km-y0ITAy01------ba 101 $aita 102 $aIT 105 $a00||| 200 1 $aAspetti di storia giuridica del sec. 19.$eappunti dalle lezioni di storia del diritto italiano 2. (a. a. 1996-97)$fGian Savino Pene Vidari$ga cura di Claudia De Benedetti 210 $aTorino$cG. Giappichelli$d[1997] 215 $a248 p.$d24 cm 300 $aSegue: Appendice di fonti normative 606 $aCodificazione$yItalia$zSec. 19. 676 $a348.45004 700 1$aPENE-VIDARI,$bGian Savino$0251099 702 1$aDE BENEDETTI,$bClaudia 801 0$aIT$bsalbc$gISBD 912 $a990001048680203316 951 $aXXII.3.H 3 (IG XVII H 32)$b1540 G$cXXII.3.H 3 (IG XVII H)$d00171651 959 $aBK 969 $aGIU 979 $aPATTY$b90$c20020321$lUSA01$h0841 979 $aPATTY$b90$c20020321$lUSA01$h0842 979 $c20020403$lUSA01$h1745 979 $aPATRY$b90$c20040406$lUSA01$h1712 979 $aRSIAV5$b90$c20090525$lUSA01$h1031 996 $aAspetti di storia giuridica del sec. 19$9976509 997 $aUNISA